000 00932cam a22002777a 4500
001 12481699
005 20231119232801.0
008 010124s2000 ne b 001 0 engod
020 _a9068326341 (KIT : pbk.)
020 _a0855984597 (Oxfam : pbk.)
040 _aOHX
_cGZM
_dDLC
082 _222
_a305.3
245 0 0 _aInstitutionalizing gender equality :
_bcommitment, policy and practice : a global source book.
_cHenk van Dam, Angela Khadar & Minke Valk
260 _aAmsterdam :
_bKIT Publishers ;
_aOxford, U.K. :
_bOxfam,
_c2000.
300 _a172 p. ;
500 _aAt foot of t.p.: International Information Centre and Archives for the Women's Movement, The Netherlands.
650 0 _aWomen
650 0 _aWomen in development.
650 0 _aWomen
650 0 _aWomen in development
650 0 _aEquality
700 _aDam van Henk,
_eedt
700 _aKhadar Angela,
_eedt
700 _aValk Minke,
_eedt
942 _cL
999 _c30
_d30